Nonindigenous species (Registro nro. 12806)

Detalles MARC
000 -CABECERA
Campo de control 005830000a22001930004500
090 ## - CLASIFICACIÓN LOCAL
Colección AR
Consecutivo 03770
041 0# - IDIOMA
Código de idioma para texto/pista de sonido o título separado
100 1# - ASIENTO PRINCIPAL--NOMBRE PERSONAL
Nombre personal Williams, James D.
245 10 - MENCION DE TITULO
Título Nonindigenous species
650 14 - ASIENTO SECUNDARIO DE MATERIA - TERMINO TEMATICO
Término temático o nombre geográfico como elemento de entrada Especies introducidas
650 14 - ASIENTO SECUNDARIO DE MATERIA - TERMINO TEMATICO
Término temático o nombre geográfico como elemento de entrada Especies invasoras
650 14 - ASIENTO SECUNDARIO DE MATERIA - TERMINO TEMATICO
Término temático o nombre geográfico como elemento de entrada Biodiversidad
650 14 - ASIENTO SECUNDARIO DE MATERIA - TERMINO TEMATICO
Término temático o nombre geográfico como elemento de entrada Impacto ambiental
650 14 - ASIENTO SECUNDARIO DE MATERIA - TERMINO TEMATICO
Término temático o nombre geográfico como elemento de entrada Legislación ambiental
651 #4 - ASIENTO SECUNDARIO DE MATERIA - NOMBRE GEOGRAFICO
-- Estados Unidos
700 1# - ASIENTO SECUNDARIO - NOMBRE PERSONAL
Nombre personal Meffe, Gary K.
773 1# - Item fuente:
Título Status and Trends of the Nation's Biological Resources
Paginas del Articulo 117-129
Lugar, editorial y fecha de publicación 1994
Información sobre la relación 1
942 ## - ELEMENTOS ADICIONALES (KOHA)
Tipo de ítem Artículo
Existencias
Withdrawn status Lost status Damaged status No para préstamo Colección Ubicación Permanente Ubicación actual Fecha de adquisición Datos de publicación Seriada Total Checkouts Número topográfico Inventario / Código de Barras Date last seen Price effective from Forma de adquisición Tipo de material
      No para Préstamo Hemeroteca Bogotá Bogotá 27/02/2015 Fuera de circulación   AR 03770 015187 25/03/2015 25/03/2015   Artículo